German words A1.1 (Lektion 14) - Statistics

General Stats
  • This quiz has been taken 10 times
  • The average score is 23 of 48
Answer Stats
In German In English % Correct
Blume die, -n Flower
100%
Garage die, -n Garage
100%
Garten der, - Garden
100%
Haus das, -er House
100%
Wasser das Water
89%
Balkon der, -e Balcony
78%
Küche die, -n Kitchen
78%
Licht das, -er Light
78%
Baum der, -e Tree
78%
Fenster das, - Window
78%
Toilette die, -n Bathroom, WC, restroom, toilet
67%
Berg der, -e Mountain
67%
Zimmer das, - Room
67%
Wohnung die, -en Apartment
56%
Bad das, -er Bath
56%
Keller der, - Cellar, Basement
56%
Stadt die, -e City
56%
Leer Empty, blank, void
56%
Familie die, -n Family
56%
Wald der, -er Forrest
56%
Meer das, -e Sea
56%
Treppe die, -n Stairs
56%
Schlafzimmer das, - Bedroom
44%
Gemütlich Comfortable, cozy
44%
Arbeitszimmer das, - Home office (work room)
44%
Wohnzimmer das, - Living room
44%
Miete die, -n Rent
44%
Stock der, die Stockwerke Floor, story
33%
Möbliert Furnished
33%
Müll der Garbage
33%
Vermieter der, - Landlord
33%
Nachbar der, -n/die Nachbarin, -nen Neighbor
33%
Fluss der, -e River
33%
Quadratmeter der, - Square meter
33%
Unten Under
33%
Oben Above
22%
Anzeige die, -n Ad, advertisement
22%
Hinten Behind
22%
Kinderzimmer das, - Children's room, child's room
22%
Flur der, -e Corridor, Hallway, Hall
22%
Fabrik die, -en Factory
22%
Erdgeschoss das, -e Ground floor
22%
Vorn In front
22%
Zelt das, -e Tent
22%
Bezaheln (To) pay
22%
Vermieten (To) rent
22%
Stehen (To) stay, standstill
11%
Aus•sehen (To) look like
0%
No matching quizzes found
Score Distribution
Percent of People with Each Score
Percentile by Number Answered
Your Score History
You have not taken this quiz